小狗牙牙找蝴蝶/ (Record no. 10093)

MARC details
000 -LEADER
fixed length control field 01315nam a22001937a 4500
001 - CONTROL NUMBER
control field 10093
003 - CONTROL NUMBER IDENTIFIER
control field FISKH
005 - DATE AND TIME OF LATEST TRANSACTION
control field 20260408094628.0
008 - FIXED-LENGTH DATA ELEMENTS--GENERAL INFORMATION
fixed length control field 260408b cb ||||| |||| 00| 0 eng d
040 ## - CATALOGING SOURCE
Original cataloging agency FISKH
Language of cataloging chi
Transcribing agency FISKH
Modifying agency FISKH
082 ## - DEWEY DECIMAL CLASSIFICATION NUMBER
Classification number 599
100 ## - MAIN ENTRY--PERSONAL NAME
Personal name 孙蓓
245 ## - TITLE STATEMENT
Title 小狗牙牙找蝴蝶/
Statement of responsibility, etc. By 孙蓓
300 ## - PHYSICAL DESCRIPTION
Extent 20 pages :
Other physical details color illustrations ;
Dimensions 21 cm .
520 ## - SUMMARY, ETC.
Summary, etc. 《小狗牙牙找蝴蝶》是一本兒童漢語分級讀物(屬於《小羊上山》系列第2級)中的圖畫故事書。故事講述了一隻活潑、可愛的小狗牙牙與一隻美麗花蝴蝶之間的經歷和友誼。<br/><br/>在一個陽光明媚的日子裡,牙牙看到了一隻色彩斑斕的蝴蝶,牠對蝴蝶十分好奇並想和它做朋友。牙牙跟著蝴蝶跑來跑去,但中途遇到困難(例如可能迷路或暫時找不到蝴蝶),並從身邊的朋友(如牛爺爺)那裡學到一些關於耐心、觀察和尋找的重要性。最終,牙牙通過努力找到了蝴蝶,學會了珍惜和欣賞自然與新朋友的美好。故事文字簡潔、插圖生動,很適合學習閱讀。<br/><br/>(註:不同版本可能會稍有差異,但大致架構圍繞「牙牙找蝴蝶、過程中的經歷與收穫」。)
700 ## - ADDED ENTRY--PERSONAL NAME
Personal name 佟东
942 ## - ADDED ENTRY ELEMENTS (KOHA)
Source of classification or shelving scheme Dewey Decimal Classification
Koha item type Chinese Book
Suppress in OPAC No
Holdings
Withdrawn status Lost status Source of classification or shelving scheme Damaged status Not for loan Collection Home library Current library Shelving location Date acquired Total Checkouts Full call number Barcode Date last seen Price effective from Koha item type
    Dewey Decimal Classification     Reference Footprints International School Library Network Toul Tom Poung Campus Footprints International School Library Network Toul Tom Poung Campus Librarian's Shelf TTP 04/08/2026   孙蓓 599 2026-0464 04/08/2026 04/08/2026 Chinese Book